<?xml version="1.0" encoding="UTF-8"?>
<record
    xmlns:xsi="http://www.w3.org/2001/XMLSchema-instance"
    xsi:schemaLocation="http://www.loc.gov/MARC21/slim http://www.loc.gov/standards/marcxml/schema/MARC21slim.xsd"
    xmlns="http://www.loc.gov/MARC21/slim">

  <leader>02754nam a2200409 i 4500</leader>
  <controlfield tag="001">193201</controlfield>
  <controlfield tag="003">SpMaBN</controlfield>
  <controlfield tag="005">20240827063035.0</controlfield>
  <controlfield tag="007">ta</controlfield>
  <controlfield tag="008">231003s2021    sp     | |||| 000 0dspa  </controlfield>
  <datafield tag="015" ind1=" " ind2=" ">
    <subfield code="a">MON21</subfield>
  </datafield>
  <datafield tag="017" ind1=" " ind2=" ">
    <subfield code="a">M 9614-2021</subfield>
    <subfield code="b">Oficina Dep&#xF3;sito Legal Madrid</subfield>
  </datafield>
  <datafield tag="020" ind1=" " ind2=" ">
    <subfield code="a">9788413810416</subfield>
  </datafield>
  <datafield tag="035" ind1=" " ind2=" ">
    <subfield code="a">a6866440</subfield>
  </datafield>
  <datafield tag="040" ind1=" " ind2=" ">
    <subfield code="a">SpMaBN</subfield>
    <subfield code="b">spa</subfield>
    <subfield code="c">SpMaBN</subfield>
    <subfield code="e">rda</subfield>
    <subfield code="d">ES-MaACL</subfield>
  </datafield>
  <datafield tag="080" ind1=" " ind2=" ">
    <subfield code="a">929 Bar&#xF3;n, Enrique</subfield>
  </datafield>
  <datafield tag="245" ind1="0" ind2="0">
    <subfield code="a">Enrique Bar&#xF3;n Crespo :</subfield>
    <subfield code="b">una vida dedicada a la construcci&#xF3;n de la democracia europea : "liber amicorum" /</subfield>
    <subfield code="c">Dom&#xE8;nec Ruiz Devesa (editor) ; Alejandro Peinado Garc&#xED;a (coordinador).</subfield>
  </datafield>
  <datafield tag="264" ind1=" " ind2="1">
    <subfield code="a">Madrid :</subfield>
    <subfield code="b">Marcial Pons,</subfield>
    <subfield code="c">2021</subfield>
  </datafield>
  <datafield tag="300" ind1=" " ind2=" ">
    <subfield code="a">240 p&#xE1;ginas ;</subfield>
    <subfield code="c">24 cm</subfield>
  </datafield>
  <datafield tag="336" ind1=" " ind2=" ">
    <subfield code="a">Texto</subfield>
    <subfield code="2">rdacontent</subfield>
  </datafield>
  <datafield tag="337" ind1=" " ind2=" ">
    <subfield code="a">sin mediaci&#xF3;n</subfield>
    <subfield code="2">rdamedia</subfield>
  </datafield>
  <datafield tag="338" ind1=" " ind2=" ">
    <subfield code="a">volumen</subfield>
    <subfield code="2">rdacarrier</subfield>
  </datafield>
  <datafield tag="500" ind1=" " ind2=" ">
    <subfield code="a">&#xCD;ndice</subfield>
  </datafield>
  <datafield tag="505" ind1="0" ind2=" ">
    <subfield code="a">Anexo I. Discurso del presidente del Parlamento Europeo Don Enrique Bar&#xF3;n Crespo ante el Consejo Europeo de Maastricht, 9 de diciembre de 1991 - Anexo II. Nota biogr&#xE1;fica de los autores</subfield>
  </datafield>
  <datafield tag="520" ind1=" " ind2=" ">
    <subfield code="a">La Uni&#xF3;n de Europe&#xED;stas y Federalistas de Espa&#xF1;a (UEF Espa&#xF1;a) junto al Consejo Federal Espa&#xF1;ol del Movimiento Europeo (CFEME) han promovido la elaboraci&#xF3;n de este liber amicorum en honor de Enrique Bar&#xF3;n, con ocasi&#xF3;n de recordar, pasado el 75 aniversario de su nacimiento, su legado en pos de la democracia y la justicia social en Espa&#xF1;a y en la Uni&#xF3;n Europea.
Enrique Bar&#xF3;n Crespo (Madrid, 1944) ha contribuido a lo largo de toda su vida a esa misi&#xF3;n a trav&#xE9;s de m&#xFA;ltiples y diferentes responsabilidades. Abogado en defensa de los derechos humanos ante los tribunales de excepci&#xF3;n (1970-1977), diputado constituyente al Congreso de los Diputados (1977-1978), ministro de Transporte, Turismo y Comunicaciones del Gobierno de Espa&#xF1;a (1982-1985), diputado al Parlamento Europeo (1986-2009), presidente del Movimiento Europeo Internacional (1987-1989), presidente del Parlamento Europeo (1989-1992), presidente del Grupo Socialista Europeo (1999-2004) o autor de multitud de art&#xED;culos y obras, han sido solo algunos de sus cometidos en estas d&#xE9;cadas. </subfield>
  </datafield>
  <datafield tag="600" ind1="1" ind2="4">
    <subfield code="a">Bar&#xF3;n, Enrique,</subfield>
    <subfield code="d">1944-</subfield>
    <subfield code="9">25767</subfield>
  </datafield>
  <datafield tag="700" ind1="1" ind2=" ">
    <subfield code="a">Ruiz Devesa, Dom&#xE8;nec</subfield>
    <subfield code="9">234303</subfield>
    <subfield code="e">pbl</subfield>
  </datafield>
  <datafield tag="700" ind1="1" ind2=" ">
    <subfield code="a">Peinado Garc&#xED;a, Alejandro</subfield>
    <subfield code="9">234304</subfield>
  </datafield>
  <datafield tag="700" ind1="1" ind2=" ">
    <subfield code="a">Bar&#xF3;n, Enrique,</subfield>
    <subfield code="d">1944-</subfield>
    <subfield code="9">25767</subfield>
  </datafield>
  <datafield tag="852" ind1=" " ind2=" ">
    <subfield code="a">Es-MaACL</subfield>
    <subfield code="9">200581 </subfield>
    <subfield code="b">R.154605</subfield>
    <subfield code="j">N-9364</subfield>
    <subfield code="c">DEPOJ</subfield>
    <subfield code="x">Encuadernaci&#xF3;n r&#xFA;stica con solapas</subfield>
    <subfield code="h">Donaci&#xF3;n: Enrique Bar&#xF3;n Crespo</subfield>
  </datafield>
  <datafield tag="903" ind1=" " ind2=" ">
    <subfield code="a">Bar&#xF3;n, Enrique,</subfield>
    <subfield code="d">1944-</subfield>
    <subfield code="e">dnr</subfield>
    <subfield code="9">25767</subfield>
  </datafield>
  <datafield tag="942" ind1=" " ind2=" ">
    <subfield code="n">0</subfield>
    <subfield code="c">MONOGRAFIA</subfield>
  </datafield>
  <datafield tag="999" ind1=" " ind2=" ">
    <subfield code="c">193201</subfield>
    <subfield code="d">193201</subfield>
  </datafield>
  <datafield tag="952" ind1=" " ind2=" ">
    <subfield code="0">0</subfield>
    <subfield code="1">0</subfield>
    <subfield code="2">udc</subfield>
    <subfield code="4">0</subfield>
    <subfield code="7">0</subfield>
    <subfield code="a">ATENEOM</subfield>
    <subfield code="b">ATENEOM</subfield>
    <subfield code="c">DEPOJ</subfield>
    <subfield code="d">2023-10-03</subfield>
    <subfield code="e">DONACION</subfield>
    <subfield code="j">1</subfield>
    <subfield code="l">0</subfield>
    <subfield code="o">N-9364</subfield>
    <subfield code="p">101205876</subfield>
    <subfield code="r">2023-10-03 00:00:00</subfield>
    <subfield code="y">MONOGRAFIA</subfield>
  </datafield>
</record>
